| 000 | 00616nam a2200217 a 4500 | ||
|---|---|---|---|
| 005 | 20140310183236.0 | ||
| 008 | 040707s19uu xx 00 eng d | ||
| 020 | _a9719171464 | ||
| 050 |
_aQP 34.5 _b.C454 2002 |
||
| 100 | _aChanco, Christine R. | ||
| 245 |
_aHuman anatomy and physiology : _blaboratory manual. / |
||
| 260 |
_aMakati City : _bChristine Chanco, _c2002. |
||
| 300 |
_a165 p. : _bill. ; _c25 cm. |
||
| 521 | _aNUR | ||
| 650 |
_aHuman anatomy _xLaboratory manual. |
||
| 650 |
_aPhysiology _xLaboratory manual. |
||
| 942 |
_cBK _2lcc _kLOC |
||
| 999 |
_c20558 _d20558 |
||